[Event "ITA-ch Seniors 34th"]
[Site "Arvier"]
[Date "2012.04.21"]
[Round "8"]
[White "Zangrando, Gianpietro"]
[Black "Colombo, Paolo"]
[Result "0-1"]
[WhiteElo "1780"]
[BlackElo "2119"]
[PlyCount "72"]
[EventDate "2012.04.14"]
[EventType "swiss"]
[EventRounds "9"]
[EventCountry "ITA"]
[SourceTitle "CBM 148 Extra"]
[Source "ChessBase"]
[SourceDate "2012.06.22"]
[SourceVersion "1"]
[SourceVersionDate "2012.06.22"]
[SourceQuality "1"]

1. Nf3 d6 2. d4 c6 3. g3 Qc7 4. Bg2 e5 5. e4 Nf6 6. Nbd2 Be7 7. 0-0 Bg4 8. Re1 exd4 9. h3 Bxf3 10. Nxf3 c5 11. e5 dxe5 12. Nxe5 0-0 13. Bg5 Nc6 14. Nxc6 bxc6 15. Bxc6 Qxc6 16. Rxe7 Nd5 17. Re1 Rab8 18. Rb1 Qg6 19. Be7 Rfc8 20. a3 Rc7 21. Bh4 Rcb7 22. Qf3 Rd7 23. Kh2 f6 24. g4 Qxc2 25. Rbc1 Qb3 26. Qf5 Rdd8 27. Bg3 Rbc8 28. Bd6 d3 29. Qe6+ Kh8 30. Rxc5 Qxb2 31. Bg3 Qb7 32. Rec1 Rxc5 33. Rxc5 h6 34. Qe1 Qb3 35. Bc7 Nxc7 36. Rxc7 d2 0-1

[Event "ITA-ch Seniors 34th"]
[Site "Arvier"]
[Date "2012.04.18"]
[Round "5"]
[White "Beltrami, Nerio"]
[Black "Colombo, Paolo"]
[Result "0-1"]
[WhiteElo "1934"]
[BlackElo "2119"]
[PlyCount "60"]
[EventDate "2012.04.14"]
[EventType "swiss"]
[EventRounds "9"]
[EventCountry "ITA"]
[SourceTitle "CBM 148 Extra"]
[Source "ChessBase"]
[SourceDate "2012.06.22"]
[SourceVersion "1"]
[SourceVersionDate "2012.06.22"]
[SourceQuality "1"]

1. e4 d6 2. d4 Nf6 3. Nc3 c6 4. a4 Qa5 5. Bd3 e5 6. Nge2 Be7 7. 0-0 Bg4 8. f3 Bh5 9. Be3 Nbd7 10. Qd2 Bg6 11. b4 Qc7 12. a5 0-0 13. Na4 d5 14. dxe5 Nxe5 15. Nf4 dxe4 16. fxe4 Rad8 17. Bc5 Nxe4 18. Qe2 Nxc5 19. Nxc5 Rfe8 20. Qf2 Bd6 21. g3 Re7 22. a6 b6 23. Nb7 Nxd3 24. cxd3 Bxb4 25. Qf3 Rde8 26. Rac1 Re1 27. Rc4 Bd2 28. d4 Qd7 29. Kh1 Rxf1+ 30. Qxf1 Re1 0-1

[Event "ITA-ch Seniors 34th"]
[Site "Arvier"]
[Date "2012.04.14"]
[Round "1"]
[White "Maestri, Roberto"]
[Black "Colombo, Paolo"]
[Result "0-1"]
[WhiteElo "1711"]
[BlackElo "2119"]
[PlyCount "97"]
[EventDate "2012.04.14"]
[EventType "swiss"]
[EventRounds "9"]
[EventCountry "ITA"]
[SourceTitle "CBM 148 Extra"]
[Source "ChessBase"]
[SourceDate "2012.06.22"]
[SourceVersion "1"]
[SourceVersionDate "2012.06.22"]
[SourceQuality "1"]

1. e4 d6 2. d4 c6 3. Nc3 Nf6 4. f4 Qa5 5. e5 Nd5 6. Qf3 Bf5 7. Bd2 Bxc2 8. Nxd5 Qxd5 9. Qxd5 cxd5 10. Bb5+ Nd7 11. Rc1 Bf5 12. Rc7 Rb8 13. Nf3 Kd8 14. Rc3 e6 15. 0-0 Rc8 16. Rxc8+ Kxc8 17. Rc1+ Kd8 18. Ng5 Bg6 19. g4 dxe5 20. fxe5 h6 21. Nh3 Be7 22. Nf4 Be4 23. Nh5 Rg8 24. Ng3 Bg6 25. Kg2 f6 26. Bxd7 Kxd7 27. Bf4 Rc8 28. Rxc8 Kxc8 29. Ne2 Be4+ 30. Kg3 g5 31. Bd2 f5 32. gxf5 Bxf5 33. Kf2 h5 34. Ng3 Bg6 35. h3 h4 36. Nf1 Bf5 37. Kg2 Kd7 38. Nh2 Ke8 39. Nf3 g4 40. hxg4 Bxg4 41. Ng5 Kf8 42. Nh7+ Kg7 43. Ng5 Kg6 44. Nh3 Bxh3+ 45. Kxh3 Bg5 46. Bc3 Kf5 47. a3 Ke4 48. Kg4 Be3 49. Kxh4 0-1

[Event "EU-ch Seniors 11th"]
[Site "Courmayeur"]
[Date "2011.04.12"]
[Round "7"]
[White "Topaloglu, Hayati"]
[Black "Colombo, Paolo"]
[Result "1/2-1/2"]
[WhiteElo "1881"]
[BlackElo "2130"]
[PlyCount "77"]
[EventDate "2011.04.06"]
[EventType "swiss"]
[EventRounds "9"]
[EventCountry "ITA"]
[SourceTitle "CBM 141 Extra"]
[Source "ChessBase"]
[SourceDate "2011.05.03"]
[SourceVersion "1"]
[SourceVersionDate "2011.05.03"]
[SourceQuality "1"]

1. e4 d6 2. d4 Nf6 3. Bd3 e5 4. Nf3 Nbd7 5. Bg5 Be7 6. Nbd2 0-0 7. h3 c6 8. c3 Ne8 9. Bxe7 Qxe7 10. Qe2 Nc7 11. 0-0 Ne6 12. g3 Nc7 13. Kh2 Nb6 14. b3 Bd7 15. Nh4 Rae8 16. Rae1 g6 17. Qe3 Kg7 18. f4 f6 19. f5 exd4 20. cxd4 g5 21. Ng2 Qf7 22. Qf3 Re7 23. Ne3 Rfe8 24. Ndc4 Nc8 25. Nd2 Kh8 26. g4 Qg7 27. Qg3 Rd8 28. Kg2 Be8 29. Rh1 d5 30. e5 fxe5 31. Ref1 Qf6 32. dxe5 Qxe5 33. Qxe5+ Rxe5 34. Kf2 d4 35. Nec4 Re7 36. Nf3 b5 37. Nce5 Nd5 38. h4 gxh4 39. Rxh4 1/2-1/2

[Event "ITA-ch Seniors 32nd"]
[Site "Arvier"]
[Date "2010.04.27"]
[Round "9"]
[White "Quagliarella, Sabino Remo"]
[Black "Colombo, Paolo"]
[Result "0-1"]
[WhiteElo "1916"]
[BlackElo "2119"]
[PlyCount "146"]
[EventDate "2010.04.18"]
[EventType "swiss"]
[EventRounds "9"]
[EventCountry "ITA"]
[SourceTitle "EXT 2024"]
[Source "ChessBase"]
[SourceDate "2023.10.10"]
[SourceVersion "1"]
[SourceVersionDate "2023.10.10"]
[SourceQuality "1"]

1. d4 Nf6 2. Nf3 d6 3. e3 c6 4. Be2 Bg4 5. Nbd2 Nbd7 6. 0-0 Qc7 7. e4 e5 8. c3 Be7 9. h3 Bh5 10. Re1 0-0 11. Qc2 Rfe8 12. dxe5 dxe5 13. Nf1 Bg6 14. Ng3 Nc5 15. Bc4 b5 16. Bf1 Nfd7 17. Be3 Ne6 18. Rad1 Nb6 19. b3 Nd5 20. Nf5 Nxe3 21. Nxe7+ Qxe7 22. Rxe3 Qf6 23. g3 Rad8 24. Bg2 h6 25. Nh4 Bh7 26. Rxd8 Rxd8 27. Rd3 Nc5 28. Rxd8+ Qxd8 29. Nf5 Kf8 30. c4 Ne6 31. cxb5 cxb5 32. Qc3 Bxf5 33. exf5 Nd4 34. Qc5+ Qe7 35. Qc8+ Qe8 36. Qc5+ Kg8 37. f6 gxf6 38. Qxa7 Qc8 39. Qa8 Qxa8 40. Bxa8 b4 41. Kf1 Nb5 42. Ke1 Nc3 43. Kd2 Nxa2 44. Kd3 f5 45. f3 Kg7 46. Bd5 Kf6 47. Kc4 Ke7 48. g4 fxg4 49. fxg4 Kd6 50. h4 Ke7 51. Be4 Kd6 52. Bf5 Kc6 53. h5 f6 54. Bb1 Nc3 55. Bf5 Nd1 56. Kxb4 Ne3 57. Be4+ Kd6 58. Bf3 f5 59. g5 e4 60. Be2 Nd5+ 61. Ka5 hxg5 62. h6 Nf6 63. b4 Kc7 64. Kb5 f4 65. Kc4 f3 66. Bf1 g4 67. Kd4 g3 68. Ke3 Kb6 69. Bh3 Kb5 70. Bf5 g2 71. Kf2 e3+ 72. Kg1 Kxb4 73. h7 Nxh7 0-1

[Event "ITA-ch Seniors 31st"]
[Site "Arvier"]
[Date "2009.05.01"]
[Round "8"]
[White "Fragni, Enrico"]
[Black "Colombo, Paolo"]
[Result "0-1"]
[WhiteElo "1751"]
[BlackElo "2138"]
[PlyCount "60"]
[EventDate "2009.04.24"]
[EventType "swiss"]
[EventRounds "9"]
[EventCountry "ITA"]
[SourceTitle "EXT 2011"]
[Source "ChessBase"]
[SourceDate "2010.11.26"]
[SourceVersion "1"]
[SourceVersionDate "2010.11.26"]
[SourceQuality "1"]

1. b4 e5 2. Bb2 d6 3. Nf3 Be7 4. e4 Nf6 5. d3 0-0 6. Nbd2 Na6 7. a3 c6 8. Be2 Nc7 9. Nf1 Ne6 10. g3 a5 11. c3 Ng4 12. h3 Nh6 13. Ne3 f5 14. exf5 Nxf5 15. Qd2 Ng5 16. 0-0-0 Nxf3 17. Bxf3 Nxe3 18. Bxc6 Nxd1 19. Bd5+ Kh8 20. Qxd1 axb4 21. cxb4 Rxf2 22. h4 Qc7+ 23. Kb1 Bg4 24. Qb3 Rc8 25. Rc1 Qd7 26. Be4 Rxc1+ 27. Bxc1 Be6 28. Bd5 Bxd5 29. Qxd5 Qc6 30. Qb3 Bf6 0-1

[Event "Isola d'Elba op 27th"]
[Site "Capoliveri"]
[Date "2009.05.??"]
[Round "8"]
[White "Codenotti, Marco"]
[Black "Colombo, Paolo"]
[Result "1-0"]
[WhiteElo "2035"]
[BlackElo "2138"]
[PlyCount "53"]
[EventDate "2009.05.10"]
[EventType "swiss"]
[EventRounds "9"]
[EventCountry "ITA"]
[SourceTitle "EXT 2011"]
[Source "ChessBase"]
[SourceDate "2010.11.26"]
[SourceVersion "1"]
[SourceVersionDate "2010.11.26"]
[SourceQuality "1"]

1. e4 d6 2. d4 Nf6 3. Nc3 c6 4. f4 Qa5 5. e5 Ne4 6. Bd2 Nxc3 7. Bxc3 Qc7 8. Nf3 d5 9. Bd3 g6 10. h3 Bh6 11. Qd2 b6 12. g4 Ba6 13. g5 Bxd3 14. Qxd3 Bf8 15. f5 e6 16. fxe6 fxe6 17. 0-0-0 Nd7 18. h4 Be7 19. Ng1 0-0-0 20. Ne2 c5 21. Qh3 Rde8 22. Nf4 Bd8 23. Nxe6 Qc6 24. Nxd8 Kxd8 25. dxc5 Nxc5 26. Qf3 Ne4 27. Qxe4 1-0

[Event "ITA-ch Seniors 31st"]
[Site "Arvier"]
[Date "2009.04.24"]
[Round "1"]
[White "Colombo, Paolo"]
[Black "Di Cio, Enrico"]
[Result "1-0"]
[WhiteElo "2138"]
[BlackElo "1765"]
[PlyCount "73"]
[EventDate "2009.04.24"]
[EventType "swiss"]
[EventRounds "9"]
[EventCountry "ITA"]
[SourceTitle "EXT 2011"]
[Source "ChessBase"]
[SourceDate "2010.11.26"]
[SourceVersion "1"]
[SourceVersionDate "2010.11.26"]
[SourceQuality "1"]

1. d4 Nf6 2. Nf3 d5 3. Nbd2 Nbd7 4. e3 e6 5. Bd3 c5 6. c3 Bd6 7. 0-0 0-0 8. Qe2 Re8 9. b3 b6 10. e4 dxe4 11. Nxe4 Nxe4 12. Qxe4 Rb8 13. Qxh7+ Kf8 14. Qh8+ Ke7 15. Qxg7 Nf6 16. Bg5 Kd7 17. Bb5+ Kc7 18. Bxe8 Be7 19. Bxf6 Qxe8 20. Bxe7 Qxe7 21. dxc5 Bb7 22. Ne5 Rf8 23. c6 Bc8 24. Qg3 Kd8 25. Rad1+ Ke8 26. Nd7 Rh8 27. Qg7 Qh4 28. h3 Ke7 29. Rfe1 Qh6 30. Qd4 Rg8 31. Qd6+ Ke8 32. Nxb6 Qg5 33. g3 axb6 34. c7 f6 35. Rxe6+ Kf7 36. h4 Qxh4 37. Qe7+ 1-0

[Event "Rome op"]
[Site "Rome"]
[Date "2007.11.03"]
[Round "7"]
[White "Tosoni, Augusto"]
[Black "Colombo, Paolo"]
[Result "1-0"]
[WhiteElo "2255"]
[BlackElo "2147"]
[PlyCount "73"]
[EventDate "2007.10.29"]
[EventType "swiss"]
[EventRounds "9"]
[EventCountry "ITA"]
[SourceTitle "EXT 2009"]
[Source "ChessBase"]
[SourceDate "2008.11.26"]
[SourceVersion "1"]
[SourceVersionDate "2008.11.26"]
[SourceQuality "1"]

1. e4 d6 2. d4 Nf6 3. Nc3 c6 4. f4 Qa5 5. Bd3 e5 6. Nf3 Nbd7 7. 0-0 Be7 8. Kh1 0-0 9. Qe1 Qc7 10. a4 exd4 11. Nxd4 Nc5 12. Bd2 Re8 13. Qg3 Nxd3 14. cxd3 Qb6 15. Be3 Qa5 16. f5 Qd8 17. Qf3 Nd7 18. Nc2 b6 19. d4 Bb7 20. Bf4 Nf8 21. e5 d5 22. Rad1 Ba6 23. Rg1 Bg5 24. Ne3 Rc8 25. g4 Kh8 26. Kg2 Bxf4 27. Qxf4 c5 28. dxc5 Rxc5 29. Rd4 Nd7 30. Nexd5 Rxe5 31. Kg3 h6 32. Nb4 Bb7 33. Nd3 Qc7 34. Rxd7 Qxd7 35. Nxe5 Qc8 36. Nxf7+ Kg8 37. Nd6 1-0

[Event "Rome op"]
[Site "Rome"]
[Date "2007.10.31"]
[Round "3"]
[White "Di Lascio, Savino"]
[Black "Colombo, Paolo"]
[Result "0-1"]
[WhiteElo "2004"]
[BlackElo "2147"]
[PlyCount "142"]
[EventDate "2007.10.29"]
[EventType "swiss"]
[EventRounds "9"]
[EventCountry "ITA"]
[SourceTitle "EXT 2009"]
[Source "ChessBase"]
[SourceDate "2008.11.26"]
[SourceVersion "1"]
[SourceVersionDate "2008.11.26"]
[SourceQuality "1"]

1. Nf3 Nf6 2. g3 d6 3. Bg2 c6 4. d3 e5 5. 0-0 Be7 6. e4 0-0 7. Nc3 Nbd7 8. Nh4 Nc5 9. b4 Ne6 10. Nf5 Re8 11. a4 Bf8 12. b5 d5 13. exd5 cxd5 14. Re1 Bb4 15. Bd2 Qa5 16. Nb1 Bxd2 17. Qxd2 Qc7 18. Qc3 Nc5 19. Nh4 Bg4 20. h3 d4 21. Qb4 Be6 22. Nf3 Bd5 23. Nbd2 Rac8 24. a5 Ncd7 25. Rac1 h6 26. Kf1 Qc5 27. Qb2 Qd6 28. c4 dxc3 29. Rxc3 Nc5 30. Qa3 b6 31. axb6 axb6 32. Nc4 Bxc4 33. dxc4 e4 34. Nh4 g6 35. Rcc1 Ra8 36. Qe3 Nd3 37. Rcd1 Qe6 38. Rxd3 Qxc4 39. Qd4 Qxd3+ 40. Qxd3 exd3 41. Bxa8 Rxa8 42. Nf3 Rd8 43. Nd2 Nd5 44. Rb1 Rc8 45. Rb3 Rc1+ 46. Kg2 Rc3 47. Kf3 f5 48. Rxc3 Nxc3 49. Nc4 Nd5 50. g4 Kg7 51. gxf5 gxf5 52. Nb2 Nc3 53. Nc4 Nxb5 54. Ke3 Nc3 55. Nxb6 Ne4 56. Nc4 Kf6 57. f3 Nc5 58. Nb2 Kg5 59. Nxd3 Nxd3 60. Kxd3 Kf4 61. Ke2 Kg3 62. Ke3 h5 63. h4 Kxh4 64. Kf4 Kh3 65. Kxf5 h4 66. f4 Kg3 67. Kg5 h3 68. f5 h2 69. Kf6 h1Q 70. Kg7 Qb7+ 71. Kg6 Qe4 0-1

[Event "EU-chT Seniors 07th"]
[Site "Dresden"]
[Date "2005.02.18"]
[Round "1"]
[White "Colombo, Paolo"]
[Black "Boehnisch, Manfred"]
[Result "0-1"]
[WhiteElo "2161"]
[BlackElo "2364"]
[PlyCount "122"]
[EventDate "2005.02.18"]
[EventType "team-swiss"]
[EventRounds "8"]
[EventCountry "GER"]
[SourceTitle "EXT 2006"]
[Source "ChessBase"]
[SourceDate "2005.11.24"]
[SourceVersion "1"]
[SourceVersionDate "2005.11.24"]
[SourceQuality "1"]

1. d4 d5 2. Nf3 Nf6 3. e3 Bg4 4. Nbd2 Nbd7 5. h3 Bh5 6. g4 Bg6 7. Ne5 Nxe5 8. dxe5 Nd7 9. f4 e6 10. h4 h5 11. g5 Bc5 12. Nf3 Be4 13. Bd3 Bxf3 14. Qxf3 g6 15. 0-0 c6 16. Kg2 Qb6 17. Bd2 a5 18. a3 a4 19. Rab1 0-0 20. Rfe1 Rfd8 21. e4 dxe4 22. Rxe4 Bxa3 23. b4 axb3 24. Rxb3 Qc7 25. Be3 Bc5 26. Rc4 Ra5 27. Qf2 b6 28. Be4 Bxe3 29. Rxe3 Nc5 30. Bf3 Ra4 31. Rxa4 Nxa4 32. f5 exf5 33. e6 Nb2 34. exf7+ Qxf7 35. Qe2 Nc4 36. Re7 Rd2 37. Rxf7 Kxf7 38. Qxd2 Nxd2 39. Bxc6 Ne4 40. Kf3 Nd6 41. Bd5+ Ke7 42. Kf4 Nb5 43. Ke5 Na3 44. Bb3 Nb1 45. Bc4 Nc3 46. Bd3 Nd1 47. Bb5 Ne3 48. c3 Ng2 49. Bc6 Ne3 50. Bb5 Nd1 51. Kd4 Nf2 52. Bc6 Ng4 53. Kd5 f4 54. Ke4 f3 55. Bb5 f2 56. Kf3 Kd6 57. Ke2 Ke5 58. Bd3 Kf4 59. Bxg6 Kg3 60. Bd3 Kg2 61. Be4+ Kg1 0-1

[Event "Italy op"]
[Site "Italy"]
[Date "1996.??.??"]
[Round "6"]
[White "Colombo, Paolo"]
[Black "Nurkic, Sahbaz"]
[Result "1-0"]
[WhiteElo "2170"]
[BlackElo "2365"]
[PlyCount "83"]
[EventDate "1996.??.??"]
[EventType "swiss"]
[EventRounds "8"]
[EventCountry "ITA"]
[SourceTitle "EXT 2000"]
[Source "ChessBase"]
[SourceDate "1999.11.16"]
[SourceVersion "1"]
[SourceVersionDate "1999.11.16"]
[SourceQuality "1"]

1. Nf3 g6 2. c4 Bg7 3. Nc3 e5 4. g3 Nc6 5. Bg2 Nf6 6. d3 0-0 7. 0-0 Re8 8. Ne1 d6 9. Bg5 h6 10. Bd2 Be6 11. Nd5 Bxd5 12. cxd5 Ne7 13. Qb3 c6 14. dxc6 bxc6 15. Nc2 Qd7 16. Ne3 Rab8 17. Qc2 d5 18. Rac1 Nh7 19. b4 Nf8 20. Nd1 Ne6 21. e3 c5 22. bxc5 Rec8 23. Rb1 Rxb1 24. Qxb1 Nxc5 25. Nc3 Kh7 26. Rd1 f5 27. Be1 d4 28. exd4 Qxd4 29. Ne2 Qd7 30. Bc3 Ne6 31. Qb2 Nc6 32. Qb5 e4 33. Bxg7 Kxg7 34. Nc3 Ned4 35. dxe4 fxe4 36. Bxe4 Qe7 37. Qc4 Qe6 38. Rxd4 Nxd4 39. Qxd4+ Kh7 40. Qxa7+ Kh8 41. Qd4+ Kh7 42. Nd5 1-0

[Event "Italy op"]
[Site "Italy"]
[Date "1996.??.??"]
[Round "3"]
[White "Scavo, Fernando"]
[Black "Colombo, Paolo"]
[Result "1-0"]
[WhiteElo "2150"]
[BlackElo "2170"]
[PlyCount "81"]
[EventDate "1996.??.??"]
[EventType "swiss"]
[EventRounds "8"]
[EventCountry "ITA"]
[SourceTitle "EXT 2000"]
[Source "ChessBase"]
[SourceDate "1999.11.16"]
[SourceVersion "1"]
[SourceVersionDate "1999.11.16"]
[SourceQuality "1"]

1. d4 c5 2. d5 f5 3. c4 Nf6 4. Nc3 g6 5. h4 Bg7 6. h5 Nxh5 7. e4 Qa5 8. Bd2 fxe4 9. d6 exd6 10. Nd5 Qd8 11. Rxh5 Nc6 12. Rh1 Bxb2 13. Rb1 Bg7 14. Rb3 b5 15. Rbh3 h5 16. g4 h4 17. g5 Ne5 18. Rxh4 Rxh4 19. Rxh4 bxc4 20. Rxe4 Bb7 21. Bxc4 Kf8 22. Qe2 Rb8 23. Rf4+ Ke8 24. Qe4 Bc6 25. Nf3 Qe7 26. Nxe7 Bxe4 27. Nxe5 dxe5 28. Rf7 Bf8 29. Ng8 d5 30. Rxa7 dxc4 31. Nf6+ Kd8 32. Ba5+ Kc8 33. Rc7+ Kd8 34. Rd7+ Kc8 35. Rc7+ Kd8 36. Rf7+ Kc8 37. Rxf8+ Kb7 38. Rxb8+ Kxb8 39. Nxe4 Kb7 40. Kd2 Kc6 41. Kc3 1-0

[Event "ITA-chT"]
[Site "Italy"]
[Date "1995.??.??"]
[Round "?"]
[White "Djuric, Stefan"]
[Black "Colombo, Paolo"]
[Result "1-0"]
[WhiteElo "2460"]
[BlackElo "2195"]
[PlyCount "33"]
[EventDate "1995.??.??"]
[EventType "team"]
[EventRounds "7"]
[EventCountry "ITA"]
[SourceTitle "EXT 2000"]
[Source "ChessBase"]
[SourceDate "1999.11.16"]
[SourceVersion "1"]
[SourceVersionDate "1999.11.16"]
[SourceQuality "1"]

1. e4 c6 2. d4 d5 3. Nc3 dxe4 4. Nxe4 Nd7 5. Bc4 Ngf6 6. Nxf6+ Nxf6 7. c3 e6 8. Nf3 Be7 9. 0-0 b6 10. Ne5 Bb7 11. Qf3 Rc8 12. Re1 0-0 13. Bd3 Qd5 14. Qh3 g6 15. Bh6 Rfe8 16. Bc4 Qd6 17. Nxf7 1-0

[Event "ITA-chT"]
[Site "Italy"]
[Date "1993.??.??"]
[Round "4"]
[White "Colombo, Paolo"]
[Black "Voltolini, Giuseppe"]
[Result "0-1"]
[WhiteElo "2215"]
[BlackElo "2325"]
[PlyCount "64"]
[EventDate "1993.??.??"]
[EventType "team"]
[EventRounds "9"]
[EventCountry "ITA"]
[SourceTitle "EXT 2002"]
[Source "ChessBase"]
[SourceDate "2001.11.25"]
[SourceVersion "1"]
[SourceVersionDate "2001.11.25"]
[SourceQuality "1"]

1. d4 d5 2. c4 dxc4 3. Nf3 Nf6 4. Nc3 c5 5. d5 e6 6. e4 exd5 7. exd5 Bd6 8. Bxc4 0-0 9. 0-0 Bg4 10. Bg5 Nbd7 11. Be2 h6 12. Bh4 a6 13. a4 Qa5 14. Qc2 Rfe8 15. Rfe1 Qb4 16. Bg3 Bxg3 17. hxg3 Re7 18. a5 Bxf3 19. gxf3 c4 20. Ra4 Qc5 21. Rd1 Rae8 22. Bxc4 b5 23. axb6 Nxb6 24. Bxa6 Nxa4 25. Qxa4 Re1+ 26. Kg2 Rxd1 27. Qxd1 Rd8 28. Bb7 Qb6 29. Bc6 Qxb2 30. Ne4 Qe5 31. Nxf6+ Qxf6 32. Qd3 Qxc6 0-1

[Event "Alba Adriatica op 3rd"]
[Site "Alba Adriatica"]
[Date "1989.09.20"]
[Round "5"]
[White "Barlov, Dragan"]
[Black "Colombo, Paolo"]
[Result "1-0"]
[WhiteElo "2520"]
[BlackElo "2118"]
[PlyCount "135"]
[EventDate "1989.09.16"]
[EventType "swiss"]
[EventRounds "8"]
[EventCountry "ITA"]
[SourceTitle "EXT 2023"]
[Source "ChessBase"]
[SourceDate "2022.10.05"]
[SourceVersion "1"]
[SourceVersionDate "2022.10.05"]
[SourceQuality "1"]

1. d4 d5 2. Nf3 c6 3. c4 e6 4. Qc2 f5 5. g3 Nf6 6. Bg2 Bd6 7. 0-0 0-0 8. Ne1 Qe7 9. Nd3 Nbd7 10. Bf4 dxc4 11. Qxc4 Bxf4 12. Nxf4 Nb6 13. Qb3 Kh8 14. Nc3 Bd7 15. Nd3 Be8 16. a4 Bf7 17. Ne5 Nbd5 18. a5 Rab8 19. Qa3 Qxa3 20. Rxa3 Bh5 21. e3 Rfc8 22. Rc1 Kg8 23. Na4 Be8 24. Nc5 Nc7 25. a6 b6 26. Nb7 Nb5 27. Ra4 Nd5 28. Rac4 c5 29. dxc5 bxc5 30. Rxc5 Rxc5 31. Rxc5 Nbc7 32. Bf1 Kf8 33. Rc1 Na8 34. Nd3 Bb5 35. Nf4 Bxf1 36. Kxf1 Nac7 37. Nxd5 Nxd5 38. Rc6 Ke7 39. Kg2 Kd7 40. Rd6+ Ke7 41. Rc6 Kd7 42. Rc4 Rc8 43. Rxc8 Kxc8 44. Nd6+ Kd7 45. Nb5 Kc6 46. Nxa7+ Kb6 47. Nc8+ Kxa6 48. Nd6 g6 49. Nf7 Nf6 50. Kf3 Kb5 51. Kf4 Ng4 52. f3 Nxh2 53. Ng5 e5+ 54. Kxe5 h6 55. Nf7 Nxf3+ 56. Kf4 Ne1 57. Ne5 Kc5 58. Nxg6 Nd3+ 59. Kxf5 Nxb2 60. e4 Nc4 61. e5 Ne3+ 62. Kf6 Nd5+ 63. Kf7 Nc7 64. e6 Kd4 65. e7 Ke4 66. Nf4 Kf5 67. Ne6 Nb5 68. Nd4+ 1-0

[Event "Alba Adriatica op 3rd"]
[Site "Alba Adriatica"]
[Date "1989.09.18"]
[Round "3"]
[White "Colombo, Paolo"]
[Black "Cristiano, Giuseppe"]
[Result "1-0"]
[WhiteElo "2118"]
[BlackElo "1959"]
[PlyCount "51"]
[EventDate "1989.09.16"]
[EventType "swiss"]
[EventRounds "8"]
[EventCountry "ITA"]
[SourceTitle "EXT 2023"]
[Source "ChessBase"]
[SourceDate "2022.10.05"]
[SourceVersion "1"]
[SourceVersionDate "2022.10.05"]
[SourceQuality "1"]

1. d4 Nf6 2. Nf3 c5 3. d5 e6 4. c4 exd5 5. cxd5 d6 6. Nc3 g6 7. g3 Bg7 8. Bg2 0-0 9. 0-0 Na6 10. Nd2 Nc7 11. a4 Rb8 12. Nc4 b6 13. Bf4 Nfe8 14. Ne4 Ba6 15. Ncxd6 Nxd6 16. Bxd6 Re8 17. Bf4 Be5 18. Bxe5 Rxe5 19. Nc3 Ne8 20. Re1 f5 21. e4 fxe4 22. Rxe4 Rxe4 23. Nxe4 Nd6 24. Qg4 Bc8 25. Qf4 Nxe4 26. Qxb8 1-0

[Event "Chianciano tt"]
[Site "Chianciano Terme"]
[Date "1989.??.??"]
[Round "?"]
[White "Andruet, Gilles"]
[Black "Colombo, Paolo"]
[Result "1-0"]
[WhiteElo "2420"]
[BlackElo "2225"]
[PlyCount "53"]
[EventDate "1989.??.??"]
[EventType "swiss"]
[EventRounds "9"]
[EventCountry "ITA"]
[SourceTitle "EXT 1997"]
[Source "ChessBase"]
[SourceDate "1996.11.15"]
[SourceVersion "1"]
[SourceVersionDate "1996.11.15"]
[SourceQuality "1"]

1. d4 d5 2. Nf3 Nf6 3. Bf4 e6 4. e3 Be7 5. h3 0-0 6. Nbd2 b6 7. c3 Ba6 8. Bxa6 Nxa6 9. Qc2 Nb8 10. b4 Nbd7 11. 0-0 Qc8 12. a4 c5 13. dxc5 bxc5 14. b5 Qb7 15. c4 Rfc8 16. Nb3 dxc4 17. Na5 Qe4 18. Rfc1 Qxc2 19. Rxc2 Nd5 20. Nxc4 a6 21. Rb1 axb5 22. axb5 Nxf4 23. exf4 Rcb8 24. Nfe5 Nf6 25. Nc6 Rb7 26. N4a5 Rd7 27. b6 1-0

[Event "Madonna di Campiglio op 14th"]
[Site "Madonna di Campiglio"]
[Date "1988.07.24"]
[Round "8.6"]
[White "Rosino, Antonio"]
[Black "Colombo, Paolo"]
[Result "1-0"]
[WhiteElo "2320"]
[BlackElo "2078"]
[PlyCount "81"]
[EventDate "1988.07.16"]
[EventType "swiss"]
[EventRounds "8"]
[EventCountry "ITA"]
[SourceTitle "EXT 2023"]
[Source "ChessBase"]
[SourceDate "2022.10.05"]
[SourceVersion "1"]
[SourceVersionDate "2022.10.05"]
[SourceQuality "1"]

1. e4 c6 2. c4 e5 3. Nf3 d6 4. Nc3 Be7 5. h3 Nd7 6. d4 Ngf6 7. Be3 0-0 8. Be2 Qc7 9. Qc2 Re8 10. 0-0 Nf8 11. d5 c5 12. a3 a6 13. b4 N6d7 14. Na4 b6 15. Rfb1 Bb7 16. bxc5 bxc5 17. Nd2 Reb8 18. Nb3 Bc8 19. Bd2 Nb6 20. Ba5 Nfd7 21. Bg4 Qa7 22. Bxb6 Nxb6 23. Na5 Nxa4 24. Nc6 Rxb1+ 25. Rxb1 Qc7 26. Qxa4 Bxg4 27. hxg4 Bf8 28. Qb3 Qc8 29. Qb7 Qe8 30. a4 g6 31. a5 Bh6 32. Qc7 Qf8 33. Ne7+ Kh8 34. Qxd6 Re8 35. Rb7 Bg5 36. Qxe5+ f6 37. Qe6 f5 38. d6 fxe4 39. Qe5+ Bf6 40. Nxg6+ Kg8 41. Qd5+ 1-0

[Event "Madonna di Campiglio op 14th"]
[Site "Madonna di Campiglio"]
[Date "1988.07.22"]
[Round "6.6"]
[White "Colombo, Paolo"]
[Black "Battaggia, Piergiorgio"]
[Result "0-1"]
[WhiteElo "2078"]
[BlackElo "2006"]
[PlyCount "100"]
[EventDate "1988.07.16"]
[EventType "swiss"]
[EventRounds "8"]
[EventCountry "ITA"]
[SourceTitle "EXT 2023"]
[Source "ChessBase"]
[SourceDate "2022.10.05"]
[SourceVersion "1"]
[SourceVersionDate "2022.10.05"]
[SourceQuality "1"]

1. d4 d5 2. Nf3 Nf6 3. c3 g6 4. Bf4 Bg7 5. Nbd2 c5 6. dxc5 Nbd7 7. Nb3 0-0 8. h3 Re8 9. g3 e5 10. Be3 e4 11. Nfd2 Ne5 12. Qc2 Bd7 13. Nd4 Rc8 14. b4 a5 15. Qb3 b6 16. cxb6 Nc4 17. Nxc4 dxc4 18. Qb2 axb4 19. Qxb4 Nd5 20. Qa5 Nxe3 21. fxe3 Be5 22. Qb4 Bxg3+ 23. Kd2 Rb8 24. Rb1 Be6 25. a4 Bd6 26. Qb2 Qg5 27. h4 Qa5 28. Nxe6 Rxe6 29. Qb5 Re5 30. Qxa5 Rxa5 31. Bh3 f5 32. h5 Rxa4 33. Rb2 Rb7 34. Rhb1 Ra6 35. Rb5 Kf7 36. hxg6+ hxg6 37. Ke1 Be7 38. Kf2 Ra3 39. Bxf5 gxf5 40. Rxf5+ Kg6 41. Rf4 Rxc3 42. Rg1+ Bg5 43. Rfg4 Rf7+ 44. Kg2 Rxe3 45. Rb1 Rxe2+ 46. Kg1 Kf5 47. Rg3 Kf4 48. Rc3 Rb7 49. Rxc4 Kg3 50. Rc3+ e3 0-1